[Event "Hessenliga 1213"]
[Site "Germany"]
[Date "2013.04.21"]
[Round "8.5"]
[White "Kierzek, Matthias"]
[Black "Schaper, Bjoern"]
[Result "1/2-1/2"]
[WhiteElo "2196"]
[BlackElo "2122"]
[PlyCount "134"]
[EventDate "2012.09.16"]
[EventType "team-tourn"]
[EventRounds "9"]
[EventCountry "GER"]
[SourceTitle "EXT 2014"]
[Source "ChessBase"]
[SourceDate "2013.11.20"]
[SourceVersion "1"]
[SourceVersionDate "2013.11.20"]
[SourceQuality "1"]
[WhiteTeam "Fulda"]
[BlackTeam "Steinbach"]
[WhiteTeamCountry "GER"]
[BlackTeamCountry "GER"]

1. d4 d5 2. c4 c6 3. Nf3 Nf6 4. Nc3 e6 5. Bg5 Be7 6. e3 Nbd7 7. Rc1 0-0 8. Bd3 dxc4 9. Bxc4 Nd5 10. Bxe7 Qxe7 11. 0-0 b6 12. Qc2 Bb7 13. Ne4 h6 14. Rfd1 Rac8 15. Qe2 Rfd8 16. a3 N5f6 17. Ba6 Bxa6 18. Nxf6+ Nxf6 19. Qxa6 Rc7 20. b4 Rdc8 21. Rd2 Ne4 22. Rdc2 f6 23. Qd3 Nd6 24. e4 e5 25. dxe5 fxe5 26. Rxc6 Rxc6 27. Rxc6 Rxc6 28. Qd5+ Qf7 29. Qxc6 Qc4 30. Nxe5 Qxe4 31. Qxe4 Nxe4 32. Nc6 a6 33. Ne7+ Kf7 34. Nd5 b5 35. Nc7 Nd2 36. Nxa6 Nc4 37. Kf1 Nxa3 38. Ke2 Ke6 39. Kd3 Kd6 40. f4 Ke6 41. g4 h5 42. Nc5+ Kd5 43. gxh5 Nc4 44. h3 Na3 45. Nd7 Nc4 46. f5 Kd6 47. f6 gxf6 48. Nxf6 Ke6 49. Ne4 Kf7 50. Kd4 Kg7 51. h4 Kh6 52. Nf6 Na3 53. Kc5 Kg7 54. Ng4 Kh7 55. h6 Kg6 56. h5+ Kh7 57. Kc6 Kh8 58. Ne5 Kg8 59. Kc5 Kh8 60. Nf7+ Kh7 61. Kc6 Kg8 62. Ng5 Kh8 63. Kc5 Kg8 64. Ne4 Kh7 65. Nd6 Kxh6 66. Nxb5 Nc2 67. Nd4 Nxb4 1/2-1/2

[Event "Hessenliga 1213"]
[Site "Germany"]
[Date "2012.10.07"]
[Round "2.4"]
[White "Schaper, Bjoern"]
[Black "Benninger, Rudolf"]
[Result "1/2-1/2"]
[WhiteElo "2122"]
[BlackElo "2108"]
[PlyCount "51"]
[EventDate "2012.09.16"]
[EventType "team-tourn"]
[EventRounds "9"]
[EventCountry "GER"]
[SourceTitle "EXT 2014"]
[Source "ChessBase"]
[SourceDate "2013.11.20"]
[SourceVersion "1"]
[SourceVersionDate "2013.11.20"]
[SourceQuality "1"]
[WhiteTeam "Steinbach"]
[BlackTeam "Heusenstamm"]
[WhiteTeamCountry "GER"]
[BlackTeamCountry "GER"]

1. e4 g6 2. d4 Bg7 3. Nf3 c5 4. c3 cxd4 5. Nxd4 Nc6 6. Be3 Nf6 7. Nd2 0-0 8. Bb5 a6 9. Ba4 b5 10. Bc2 Bb7 11. 0-0 e5 12. Nxc6 Bxc6 13. Bg5 d5 14. Bxf6 Qxf6 15. exd5 Bxd5 16. Be4 Rad8 17. Qe2 Bh6 18. Bxd5 Rxd5 19. Nf3 Rfd8 20. a4 Bg7 21. axb5 axb5 22. h3 Qd6 23. c4 bxc4 24. Qxc4 e4 25. Qxe4 Bxb2 26. Ra2 1/2-1/2

[Event "Oberliga Ost-B 1112"]
[Site "Germany"]
[Date "2012.04.15"]
[Round "11.6"]
[White "Hummel, Dennis"]
[Black "Schaper, Bjoern"]
[Result "1/2-1/2"]
[WhiteElo "2052"]
[BlackElo "2134"]
[PlyCount "48"]
[EventDate "2011.10.02"]
[EventType "team-tourn"]
[EventRounds "11"]
[EventCountry "GER"]
[SourceTitle "EXT 2013"]
[Source "ChessBase"]
[SourceDate "2012.11.22"]
[SourceVersion "1"]
[SourceVersionDate "2012.11.22"]
[SourceQuality "1"]
[WhiteTeam "Neuberg"]
[BlackTeam "Steinbach"]
[WhiteTeamCountry "GER"]
[BlackTeamCountry "GER"]

1. e4 e5 2. Nc3 Bc5 3. g3 Nc6 4. Bg2 d6 5. d3 Nge7 6. Nge2 Be6 7. 0-0 Qd7 8. Be3 Bxe3 9. fxe3 Bh3 10. Nd5 Bxg2 11. Kxg2 Nxd5 12. exd5 Ne7 13. c4 f5 14. d4 h5 15. Qb3 0-0-0 16. Qc3 Ng6 17. h4 Rhf8 18. Rf2 Rf6 19. Raf1 Rdf8 20. c5 dxc5 21. Qxc5 b6 22. Qc4 Rd8 23. Nc3 exd4 24. Qxd4 c5 1/2-1/2

[Event "Oberliga Ost-B 1112"]
[Site "Germany"]
[Date "2012.04.14"]
[Round "10.6"]
[White "Schaper, Bjoern"]
[Black "Wohlfart, Paulus"]
[Result "1-0"]
[WhiteElo "2134"]
[BlackElo "2222"]
[PlyCount "83"]
[EventDate "2011.10.02"]
[EventType "team-tourn"]
[EventRounds "11"]
[EventCountry "GER"]
[SourceTitle "EXT 2013"]
[Source "ChessBase"]
[SourceDate "2012.11.22"]
[SourceVersion "1"]
[SourceVersionDate "2012.11.22"]
[SourceQuality "1"]
[WhiteTeam "Steinbach"]
[BlackTeam "Moerlenbach"]
[WhiteTeamCountry "GER"]
[BlackTeamCountry "GER"]

1. e4 c5 2. c3 Nf6 3. e5 Nd5 4. d4 cxd4 5. cxd4 e6 6. Nf3 d6 7. Bc4 Nc6 8. 0-0 dxe5 9. dxe5 Be7 10. Qe2 0-0 11. Rd1 Qa5 12. Bd2 Qc7 13. Nc3 Nxc3 14. Bxc3 Bd7 15. Bd3 Rfd8 16. Qe4 g6 17. Rac1 Rab8 18. Bd2 Be8 19. Be3 Qa5 20. a3 Rd5 21. Be2 Rbd8 22. Rxd5 Qxd5 23. Qxd5 exd5 24. Rd1 Bf8 25. b4 a6 26. Bg5 Rd7 27. Bf6 Bg7 28. g4 h6 29. h4 g5 30. hxg5 hxg5 31. Bxg5 Nxe5 32. Nxe5 Bxe5 33. b5 Rd6 34. bxa6 bxa6 35. Bd2 Bc6 36. Bxa6 d4 37. Re1 Bf6 38. Bd3 Bh4 39. Bf5 Bf3 40. Re8+ Kg7 41. Bb4 Bc6 42. Rc8 1-0

[Event "Oberliga Ost-B 1112"]
[Site "Germany"]
[Date "2011.12.11"]
[Round "5.7"]
[White "Schaper, Bjoern"]
[Black "Vollmar, Rainer"]
[Result "0-1"]
[WhiteElo "2134"]
[BlackElo "2130"]
[PlyCount "96"]
[EventDate "2011.10.02"]
[EventType "team-tourn"]
[EventRounds "11"]
[EventCountry "GER"]
[SourceTitle "EXT 2013"]
[Source "ChessBase"]
[SourceDate "2012.11.22"]
[SourceVersion "1"]
[SourceVersionDate "2012.11.22"]
[SourceQuality "1"]
[WhiteTeam "Steinbach"]
[BlackTeam "Frankfurt BvK"]
[WhiteTeamCountry "GER"]
[BlackTeamCountry "GER"]

1. e4 g6 2. d4 Bg7 3. Nf3 c5 4. c3 cxd4 5. cxd4 Nf6 6. Nc3 d5 7. Bb5+ Bd7 8. e5 Ne4 9. Qb3 e6 10. Bd3 Bc6 11. Be3 Qa5 12. Bxe4 dxe4 13. Nd2 Bd5 14. Qb5+ Qxb5 15. Nxb5 Na6 16. a3 Rd8 17. Nd6+ Rxd6 18. exd6 Kd7 19. Rc1 Kxd6 20. 0-0 Kd7 21. Rc2 Rc8 22. Rxc8 Kxc8 23. f3 exf3 24. Nxf3 f6 25. Bf4 g5 26. Bg3 g4 27. Rc1+ Kd7 28. Ne1 Bh6 29. Rc3 Bd2 30. Rc2 Bg5 31. h4 Bh6 32. Kf2 f5 33. Be5 f4 34. Rc3 g3+ 35. Kf1 b5 36. b4 Bc4+ 37. Kg1 Nc7 38. Bxc7 Kxc7 39. Nf3 Kd6 40. Rc1 Kd5 41. Re1 Bg7 42. Ne5 h5 43. Nxc4 bxc4 44. Kf1 Bxd4 45. Ke2 Ke4 46. Rc1 c3 47. a4 e5 48. Rf1 Be3 0-1

[Event "Oberliga Ost-B 1011"]
[Site "Germany"]
[Date "2011.03.20"]
[Round "9.5"]
[White "Schaper, Bjoern"]
[Black "Mueller, Horst1111"]
[Result "1/2-1/2"]
[WhiteElo "2129"]
[BlackElo "2199"]
[PlyCount "94"]
[EventDate "2010.10.24"]
[EventType "team-tourn"]
[EventRounds "11"]
[EventCountry "GER"]
[SourceTitle "EXT 2012"]
[Source "ChessBase"]
[SourceDate "2011.11.24"]
[SourceVersion "1"]
[SourceVersionDate "2011.11.24"]
[SourceQuality "1"]
[WhiteTeam "Steinbach"]
[BlackTeam "Offenbach"]
[WhiteTeamCountry "GER"]
[BlackTeamCountry "GER"]

1. e4 c5 2. c3 e6 3. d4 d5 4. exd5 exd5 5. Bd3 Nf6 6. Ne2 Nc6 7. 0-0 cxd4 8. Nxd4 Nxd4 9. cxd4 Be7 10. Qb3 0-0 11. Nc3 b6 12. Bf4 Bb7 13. Rac1 Ne4 14. Rfe1 Nxc3 15. Rxc3 Rc8 16. Rxc8 Bxc8 17. Qc2 h6 18. Qc6 Bf6 19. Be5 Be6 20. Ba6 Bxe5 21. Rxe5 Qh4 22. Qc3 Qg4 23. f3 Qh4 24. Qe3 Qf6 25. a3 Rd8 26. b4 Rd6 27. Bb5 Rd8 28. Ba6 Rd6 29. Qc3 g6 30. Re1 Bd7 31. Qd2 Kg7 32. Re5 Be6 33. Bb5 Qd8 34. Re1 Qf6 35. Qe3 Rd8 36. Rc1 Rc8 37. Rxc8 Bxc8 38. g3 Be6 39. Kf2 Qd8 40. Qe5+ Kg8 41. Bc6 a5 42. b5 Qg5 43. Qxg5 hxg5 44. Ke3 Kg7 45. g4 f5 46. h3 Kf6 47. Kf2 f4 1/2-1/2

[Event "Oberliga Ost-B 1011"]
[Site "Germany"]
[Date "2010.10.24"]
[Round "1.5"]
[White "Schaper, Bjoern"]
[Black "Stiefel, Roland"]
[Result "1-0"]
[WhiteElo "2129"]
[BlackElo "2082"]
[PlyCount "49"]
[EventDate "2010.10.24"]
[EventType "team-tourn"]
[EventRounds "11"]
[EventCountry "GER"]
[SourceTitle "EXT 2012"]
[Source "ChessBase"]
[SourceDate "2011.11.24"]
[SourceVersion "1"]
[SourceVersionDate "2011.11.24"]
[SourceQuality "1"]
[WhiteTeam "Steinbach"]
[BlackTeam "Weimar"]
[WhiteTeamCountry "GER"]
[BlackTeamCountry "GER"]

1. e4 c5 2. c3 Nf6 3. e5 Nd5 4. d4 cxd4 5. cxd4 e6 6. Nc3 Nxc3 7. bxc3 d6 8. Nf3 Nc6 9. Bf4 dxe5 10. Bxe5 Qa5 11. Qb3 a6 12. Bg3 Be7 13. Bd3 Bf6 14. 0-0 0-0 15. Be4 Qd8 16. Rab1 Qd7 17. Rfd1 Rd8 18. Qb6 Re8 19. Bxc6 Qxc6 20. Qxc6 bxc6 21. Rb6 c5 22. dxc5 Bxc3 23. c6 f6 24. c7 e5 25. Rb8 1-0

[Event "Oberliga Ost-B 0910"]
[Site "Germany"]
[Date "2010.01.24"]
[Round "7.7"]
[White "Hess, Juergen"]
[Black "Schaper, Bjoern"]
[Result "1/2-1/2"]
[WhiteElo "2133"]
[BlackElo "2137"]
[PlyCount "106"]
[EventDate "2009.10.18"]
[EventType "team-tourn"]
[EventRounds "11"]
[EventCountry "GER"]
[SourceTitle "EXT 2011"]
[Source "ChessBase"]
[SourceDate "2010.11.26"]
[SourceVersion "1"]
[SourceVersionDate "2010.11.26"]
[SourceQuality "1"]
[WhiteTeam "Erfurt SK II"]
[BlackTeam "Steinbach"]
[WhiteTeamCountry "GER"]
[BlackTeamCountry "GER"]

1. e4 e5 2. Nf3 Nc6 3. Bb5 a6 4. Ba4 Nf6 5. 0-0 b5 6. Bb3 Be7 7. Re1 d6 8. c3 Na5 9. Bc2 c5 10. d4 Qc7 11. h3 0-0 12. Nbd2 Bd7 13. d5 Rfb8 14. b3 Nb7 15. Nf1 c4 16. b4 a5 17. Ba3 axb4 18. Bxb4 Nc5 19. a4 bxa4 20. Bxc5 Qxc5 21. Bxa4 Ra5 22. Bxd7 Nxd7 23. Rxa5 Qxa5 24. Qa1 Qc7 25. Ne3 Nc5 26. Nd2 Nb3 27. Qa2 Nxd2 28. Qxd2 Bg5 29. Ra1 h6 30. Qe2 Bxe3 31. Qxe3 Qb7 32. Ra7 Qb1+ 33. Kh2 Qd3 34. Qxd3 cxd3 35. Ra2 Rc8 36. Rd2 Rxc3 37. Kg3 Rc4 38. f3 f5 39. exf5 Rd4 40. Kf2 Rxd5 41. Ke3 Kf7 42. Rxd3 Rxd3+ 43. Kxd3 d5 44. g4 Ke7 45. h4 Kf6 46. Ke3 h5 47. Kd3 e4+ 48. fxe4 dxe4+ 49. Kxe4 hxg4 50. Kf4 g3 51. Kxg3 Kxf5 52. Kf3 g5 53. hxg5 Kxg5 1/2-1/2

[Event "Oberliga Ost-B 0910"]
[Site "Germany"]
[Date "2009.12.13"]
[Round "5.7"]
[White "Hoehn, Michael"]
[Black "Schaper, Bjoern"]
[Result "1/2-1/2"]
[WhiteElo "2159"]
[BlackElo "2137"]
[PlyCount "91"]
[EventDate "2009.10.18"]
[EventType "team-tourn"]
[EventRounds "11"]
[EventCountry "GER"]
[SourceTitle "EXT 2011"]
[Source "ChessBase"]
[SourceDate "2010.11.26"]
[SourceVersion "1"]
[SourceVersionDate "2010.11.26"]
[SourceQuality "1"]
[WhiteTeam "Offenbach"]
[BlackTeam "Steinbach"]
[WhiteTeamCountry "GER"]
[BlackTeamCountry "GER"]

1. e4 e5 2. Nf3 Nc6 3. d4 exd4 4. Nxd4 Bc5 5. Be3 Qf6 6. c3 Nge7 7. Bc4 0-0 8. 0-0 a6 9. Nxc6 Qxc6 10. Bxc5 Qxc5 11. Qd4 d6 12. a4 Bd7 13. Nd2 Ng6 14. Qxc5 dxc5 15. Nb3 b6 16. a5 Bb5 17. Bxb5 axb5 18. Rfd1 Ne5 19. axb6 cxb6 20. Rxa8 Rxa8 21. Nc1 Kf8 22. Kf1 Ke7 23. h3 Ra1 24. Ke2 Rb1 25. b3 Nc6 26. Kd3 Rb2 27. Rd2 c4+ 28. bxc4 bxc4+ 29. Ke3 Rxd2 30. Kxd2 Kd6 31. f4 b5 32. g4 Kc5 33. Ne2 b4 34. cxb4+ Kxb4 35. Kc2 Na7 36. Nd4 g6 37. e5 Kc5 38. e6 fxe6 39. Nxe6+ Kd5 40. Nf8 Ke4 41. Kc3 Kxf4 42. Nxh7 Kg3 43. Kxc4 Kxh3 44. Nf8 g5 45. Nh7 Kxg4 46. Nxg5 1/2-1/2

[Event "Oberliga Ost-B 0809"]
[Site "Germany"]
[Date "2009.01.31"]
[Round "6.7"]
[White "Fleuch, Hans Juergen"]
[Black "Schaper, Bjoern"]
[Result "1/2-1/2"]
[WhiteElo "2123"]
[BlackElo "2132"]
[PlyCount "49"]
[EventDate "2008.10.26"]
[EventType "team-tourn"]
[EventRounds "11"]
[EventCountry "GER"]
[SourceTitle "EXT 2010"]
[Source "ChessBase"]
[SourceDate "2010.11.25"]
[SourceVersion "1"]
[SourceVersionDate "2010.11.25"]
[SourceQuality "1"]
[WhiteTeam "Hungen Lich"]
[BlackTeam "Steinbach"]
[WhiteTeamCountry "GER"]
[BlackTeamCountry "GER"]

1. e4 e5 2. Nf3 Nc6 3. c3 Nf6 4. Bd3 Be7 5. Bc2 d5 6. d3 Bg4 7. Qe2 0-0 8. h3 Bh5 9. 0-0 a6 10. Re1 d4 11. g4 Bg6 12. Nh4 Nd7 13. Nxg6 fxg6 14. Nd2 Bc5 15. c4 Qf6 16. Kg2 Rf7 17. a3 Raf8 18. Rf1 a5 19. Ba4 Nb6 20. Bxc6 Qxc6 21. Nb3 a4 22. Na5 Qe6 23. Nxb7 Be7 24. Na5 Nd7 25. b4 1/2-1/2

[Event "Oberliga Ost-B 0809"]
[Site "Germany"]
[Date "2009.01.18"]
[Round "5.8"]
[White "Karabalis, Harilos"]
[Black "Schaper, Bjoern"]
[Result "1/2-1/2"]
[WhiteElo "2246"]
[BlackElo "2132"]
[PlyCount "59"]
[EventDate "2008.10.26"]
[EventType "team-tourn"]
[EventRounds "11"]
[EventCountry "GER"]
[SourceTitle "EXT 2010"]
[Source "ChessBase"]
[SourceDate "2010.11.25"]
[SourceVersion "1"]
[SourceVersionDate "2010.11.25"]
[SourceQuality "1"]
[WhiteTeam "Frankfurt BvK"]
[BlackTeam "Steinbach"]
[WhiteTeamCountry "GER"]
[BlackTeamCountry "GER"]

1. e4 e5 2. Nf3 Nc6 3. Bc4 Be7 4. 0-0 d6 5. d3 Na5 6. Bb3 Nxb3 7. axb3 f5 8. Re1 fxe4 9. dxe4 Nf6 10. Qd3 Nd7 11. Be3 0-0 12. Nc3 Kh8 13. Bxa7 c5 14. b4 cxb4 15. Nd5 Nc5 16. Bxc5 Rxa1 17. Rxa1 dxc5 18. Nxe5 Bd6 19. Qg3 g5 20. Rf1 Be6 21. f4 Bxd5 22. exd5 Bxe5 23. fxe5 Rxf1+ 24. Kxf1 Qxd5 25. Qxg5 Qd1+ 26. Kf2 Qxc2+ 27. Kf3 Qd3+ 28. Kf2 Qc2+ 29. Kf3 Qd3+ 30. Kf2 1/2-1/2

[Event "Oberliga Ost-B 0809"]
[Site "Germany"]
[Date "2008.12.14"]
[Round "4.7"]
[White "Jacobi, Robin"]
[Black "Schaper, Bjoern"]
[Result "0-1"]
[WhiteElo "1957"]
[BlackElo "2132"]
[PlyCount "120"]
[EventDate "2008.10.26"]
[EventType "team-tourn"]
[EventRounds "11"]
[EventCountry "GER"]
[SourceTitle "EXT 2010"]
[Source "ChessBase"]
[SourceDate "2010.11.25"]
[SourceVersion "1"]
[SourceVersionDate "2010.11.25"]
[SourceQuality "1"]
[WhiteTeam "Erfurt Empor"]
[BlackTeam "Steinbach"]
[WhiteTeamCountry "GER"]
[BlackTeamCountry "GER"]

1. d4 d5 2. Nf3 Nf6 3. g3 c6 4. Bg2 Bf5 5. 0-0 e6 6. c4 Nbd7 7. Qb3 Qb6 8. Nbd2 Be7 9. Nh4 Bg6 10. Nxg6 hxg6 11. c5 Qc7 12. f4 b6 13. cxb6 Qxb6 14. Qxb6 axb6 15. e4 dxe4 16. Nxe4 Nd5 17. Bd2 N7f6 18. Rfc1 Nxe4 19. Bxe4 Kd7 20. Rc2 Bf6 21. Bc3 Ra4 22. Bxd5 exd5 23. Rd2 Re8 24. b3 Raa8 25. Kf2 Re4 26. Rad1 Rae8 27. h4 Bd8 28. a4 f6 29. Rd3 Re2+ 30. Kf3 g5 31. hxg5 fxg5 32. Bd2 gxf4 33. Bxf4 R2e4 34. Re3 g5 35. Be5 Rxe3+ 36. Kxe3 Bc7 37. Kd3 Bxe5 38. dxe5 Rxe5 39. Rh1 Re4 40. Rf1 Kd6 41. Rf3 Kc5 42. Rf6 Rg4 43. Rf3 Kb4 44. Kc2 b5 45. axb5 Kxb5 46. Kc3 c5 47. Kd2 Kb4 48. Kc2 d4 49. Kd2 Re4 50. Rf5 g4 51. Rg5 Re3 52. Rxg4 Kxb3 53. Rg8 Kc4 54. Rg5 Ra3 55. g4 Ra2+ 56. Ke1 d3 57. Kd1 Kd4 58. Rg8 Kc3 59. Ke1 Ra1+ 60. Kf2 d2 0-1

[Event "Oberliga Ost-B 0809"]
[Site "Germany"]
[Date "2008.11.30"]
[Round "3.7"]
[White "Schaper, Bjoern"]
[Black "Hoehn, Michael"]
[Result "1-0"]
[WhiteElo "2132"]
[BlackElo "2147"]
[PlyCount "81"]
[EventDate "2008.10.26"]
[EventType "team-tourn"]
[EventRounds "11"]
[EventCountry "GER"]
[SourceTitle "EXT 2010"]
[Source "ChessBase"]
[SourceDate "2010.11.25"]
[SourceVersion "1"]
[SourceVersionDate "2010.11.25"]
[SourceQuality "1"]
[WhiteTeam "Steinbach"]
[BlackTeam "Offenbach"]
[WhiteTeamCountry "GER"]
[BlackTeamCountry "GER"]

1. e4 d6 2. d4 e5 3. dxe5 dxe5 4. Qxd8+ Kxd8 5. Bc4 f6 6. Be3 c6 7. Nc3 Kc7 8. 0-0-0 Nd7 9. Nge2 b6 10. Ng3 Bc5 11. Rhe1 g6 12. Rd2 Bxe3 13. Rxe3 Nc5 14. b4 Be6 15. Bb3 Nxb3+ 16. axb3 Nh6 17. Red3 Nf7 18. Rf3 f5 19. exf5 gxf5 20. Nxf5 Rhg8 21. Ne3 Rad8 22. Rg3 Rxg3 23. hxg3 Nd6 24. Rd1 Rd7 25. Rh1 Rf7 26. f3 Nf5 27. Nxf5 Bxf5 28. Re1 Kd6 29. g4 Bg6 30. Ne4+ Bxe4 31. Rxe4 b5 32. Kd2 Rf6 33. Re1 Rh6 34. Ke3 c5 35. Ra1 Kd5 36. bxc5 a6 37. b4 Kc4 38. Rd1 Kxb4 39. Rd6 Rh2 40. c6 Rxg2 41. Rd2 1-0

[Event "Oberliga Ost-B 0809"]
[Site "Germany"]
[Date "2008.10.26"]
[Round "1.7"]
[White "Schaper, Bjoern"]
[Black "Kuhn, Andreas"]
[Result "1-0"]
[WhiteElo "2132"]
[BlackElo "2162"]
[PlyCount "67"]
[EventDate "2008.10.26"]
[EventType "team-tourn"]
[EventRounds "11"]
[EventCountry "GER"]
[SourceTitle "EXT 2010"]
[Source "ChessBase"]
[SourceDate "2010.11.25"]
[SourceVersion "1"]
[SourceVersionDate "2010.11.25"]
[SourceQuality "1"]
[WhiteTeam "Steinbach"]
[BlackTeam "Wiesbaden"]
[WhiteTeamCountry "GER"]
[BlackTeamCountry "GER"]

1. e4 d6 2. d4 Nf6 3. Nc3 g6 4. Nf3 Bg7 5. Be3 c6 6. Qd2 Qa5 7. Be2 Nbd7 8. h3 0-0 9. 0-0 e5 10. Rad1 Re8 11. dxe5 dxe5 12. Qc1 Bf8 13. Nd2 Qc7 14. a3 b5 15. Bf3 a5 16. a4 b4 17. Ne2 Ba6 18. c4 Nc5 19. Qc2 Rab8 20. Nc1 Ne6 21. Bg4 Nd4 22. Bxd4 exd4 23. f4 Bg7 24. Be2 c5 25. e5 Nd7 26. Bg4 Nb6 27. Ncb3 f6 28. exf6 Bxf6 29. Ne4 Be7 30. Be6+ Kh8 31. f5 gxf5 32. Rxf5 Bf8 33. Rf7 Qe5 34. Ng5 1-0

[Event "Oberliga Ost-B 0708"]
[Site "Germany"]
[Date "2008.04.19"]
[Round "10.5"]
[White "Weise, Martin"]
[Black "Schaper, Bjoern"]
[Result "1/2-1/2"]
[WhiteElo "2152"]
[BlackElo "2151"]
[PlyCount "77"]
[EventDate "2007.10.07"]
[EventType "team-tourn"]
[EventRounds "11"]
[EventCountry "GER"]
[SourceTitle "EXT 2009"]
[Source "ChessBase"]
[SourceDate "2008.11.26"]
[SourceVersion "1"]
[SourceVersionDate "2008.11.26"]
[SourceQuality "1"]
[WhiteTeam "Hungen Lich"]
[BlackTeam "Steinbach"]
[WhiteTeamCountry "GER"]
[BlackTeamCountry "GER"]

1. e4 e5 2. Nc3 Nc6 3. Bc4 d6 4. d3 Be6 5. Bb3 Qd7 6. Nge2 g6 7. f4 Nge7 8. Nd5 Bg7 9. f5 gxf5 10. Ng3 Bxd5 11. exd5 Nd4 12. Nh5 Rg8 13. c4 f4 14. Ba4 c6 15. 0-0 0-0-0 16. b4 Bh8 17. Bb2 Nef5 18. Bxd4 Nxd4 19. dxc6 bxc6 20. b5 cxb5 21. cxb5 Qb7 22. Rf2 Rg5 23. Rc1+ Kb8 24. h4 Rg6 25. Qf1 Rdg8 26. Bd1 Qe7 27. Rc4 Nf5 28. b6 axb6 29. Bf3 Nxh4 30. Bd5 f3 31. Ra4 Rxg2+ 32. Rxg2 Rxg2+ 33. Kh1 Qg5 34. Ra8+ Kc7 35. Ra7+ Kd8 36. Ra8+ Kd7 37. Ra7+ Ke8 38. Ra8+ Ke7 39. Ra7+ 1/2-1/2

[Event "Oberliga Ost-B 0708"]
[Site "Germany"]
[Date "2008.04.06"]
[Round "9.5"]
[White "Guenther, Peter"]
[Black "Schaper, Bjoern"]
[Result "1-0"]
[WhiteElo "2271"]
[BlackElo "2151"]
[PlyCount "77"]
[EventDate "2007.10.07"]
[EventType "team-tourn"]
[EventRounds "11"]
[EventCountry "GER"]
[SourceTitle "EXT 2009"]
[Source "ChessBase"]
[SourceDate "2008.11.26"]
[SourceVersion "1"]
[SourceVersionDate "2008.11.26"]
[SourceQuality "1"]
[WhiteTeam "Frankfurt BvK"]
[BlackTeam "Steinbach"]
[WhiteTeamCountry "GER"]
[BlackTeamCountry "GER"]

1. e4 e5 2. Bc4 Nc6 3. Nc3 d6 4. d3 Be6 5. Bb3 g6 6. Be3 Bg7 7. Qd2 Qd7 8. Nge2 Nge7 9. Nd5 0-0-0 10. 0-0 f5 11. f4 Nd4 12. Nxd4 exd4 13. Bf2 Bxd5 14. exd5 Rde8 15. Qa5 a6 16. Ba4 c6 17. dxc6 Nxc6 18. Qd5 Kc7 19. c4 dxc3 20. bxc3 b5 21. Bb3 Ne7 22. Qf7 Nc6 23. Bb6+ Kc8 24. Qd5 Bxc3 25. Rac1 b4 26. Ba4 Kb7 27. Bf2 Qc7 28. Rxc3 bxc3 29. Rb1+ Kc8 30. Bxc6 c2 31. Rc1 Re2 32. Ba4 Qc3 33. Qa8+ Kc7 34. Qa7+ Kc8 35. Qd7+ Kb8 36. Ba7+ Ka8 37. Bc6+ Qxc6 38. Qxc6+ Kxa7 39. Rxc2 1-0

[Event "Oberliga Ost-B 0708"]
[Site "Germany"]
[Date "2008.01.19"]
[Round "6.3"]
[White "Koller, Jens"]
[Black "Schaper, Bjoern"]
[Result "1-0"]
[WhiteElo "2228"]
[BlackElo "2151"]
[PlyCount "53"]
[EventDate "2007.10.07"]
[EventType "team-tourn"]
[EventRounds "11"]
[EventCountry "GER"]
[SourceTitle "EXT 2009"]
[Source "ChessBase"]
[SourceDate "2008.11.26"]
[SourceVersion "1"]
[SourceVersionDate "2008.11.26"]
[SourceQuality "1"]
[WhiteTeam "Oberursel"]
[BlackTeam "Steinbach"]
[WhiteTeamCountry "GER"]
[BlackTeamCountry "GER"]

1. e4 e5 2. f4 exf4 3. Nf3 g5 4. h4 g4 5. Ne5 d5 6. d4 Bg7 7. Bxf4 dxe4 8. Bc4 Bxe5 9. Bxe5 f6 10. Bf4 f5 11. Nc3 Nf6 12. d5 a6 13. Qd4 Nc6 14. Qd2 Na5 15. Be2 b6 16. 0-0-0 0-0 17. d6 c5 18. Nd5 Be6 19. Ne7+ Kf7 20. Bg5 Qd7 21. Bxf6 Kxf6 22. Qh6+ Kf7 23. Qxh7+ Ke8 24. Qg6+ Rf7 25. Rhf1 Nc6 26. Nxc6 Qxc6 27. Qxe6+ 1-0

[Event "Oberliga Ost-B 0708"]
[Site "Germany"]
[Date "2007.12.09"]
[Round "5.4"]
[White "Haensel, Thomas"]
[Black "Schaper, Bjoern"]
[Result "1-0"]
[WhiteElo "2322"]
[BlackElo "2151"]
[PlyCount "81"]
[EventDate "2007.10.07"]
[EventType "team-tourn"]
[EventRounds "11"]
[EventCountry "GER"]
[SourceTitle "EXT 2009"]
[Source "ChessBase"]
[SourceDate "2008.11.26"]
[SourceVersion "1"]
[SourceVersionDate "2008.11.26"]
[SourceQuality "1"]
[WhiteTeam "Erfurt Empor"]
[BlackTeam "Steinbach"]
[WhiteTeamCountry "GER"]
[BlackTeamCountry "GER"]

1. e4 e5 2. Nf3 Nc6 3. Bb5 a6 4. Bxc6 dxc6 5. 0-0 Bg4 6. h3 Bxf3 7. Qxf3 Qf6 8. Qb3 0-0-0 9. d3 g5 10. Be3 h5 11. Nd2 g4 12. h4 Qxh4 13. Qxf7 g3 14. Nf3 Qf6 15. Qxf6 Nxf6 16. Nxe5 Rg8 17. fxg3 Ng4 18. Nxg4 Rxg4 19. Rf5 Rxg3 20. Bf2 Rg4 21. Rxh5 Bg7 22. Rb1 Rg8 23. g3 Kd7 24. Kg2 Ke6 25. Rf5 b6 26. b3 Be5 27. Rf3 c5 28. Rh1 R8g6 29. Rh7 a5 30. a4 Kd6 31. Rh3 Kc6 32. Be3 Kd7 33. Kf2 Rg7 34. Bf4 Bd4+ 35. Kg2 R4g6 36. Rf1 Rg4 37. Kf3 R4g6 38. Rfh1 c6 39. Rh6 b5 40. Rxg6 Rxg6 41. Rh6 1-0

[Event "Oberliga Ost-B 0708"]
[Site "Germany"]
[Date "2007.11.03"]
[Round "2.5"]
[White "Schaper, Bjoern"]
[Black "Regis, Georg"]
[Result "0-1"]
[WhiteElo "2151"]
[BlackElo "2149"]
[PlyCount "98"]
[EventDate "2007.10.07"]
[EventType "team-tourn"]
[EventRounds "11"]
[EventCountry "GER"]
[SourceTitle "EXT 2009"]
[Source "ChessBase"]
[SourceDate "2008.11.26"]
[SourceVersion "1"]
[SourceVersionDate "2008.11.26"]
[SourceQuality "1"]
[WhiteTeam "Steinbach"]
[BlackTeam "Dotzheim"]
[WhiteTeamCountry "GER"]
[BlackTeamCountry "GER"]

1. e4 e5 2. Nf3 Nc6 3. Bc4 Be7 4. c3 Nf6 5. Qc2 0-0 6. d3 d6 7. h3 Na5 8. Nbd2 c6 9. Bb3 Nxb3 10. Nxb3 Ne8 11. g4 Kh8 12. Be3 f5 13. exf5 g6 14. d4 e4 15. Qxe4 gxf5 16. Qd3 fxg4 17. hxg4 Rf7 18. Nh2 Nf6 19. Rg1 Rg7 20. f3 Nd5 21. f4 Bh4+ 22. Kd2 Re7 23. Nf1 Nxe3 24. Nxe3 Bf2 25. Rge1 Qe8 26. Re2 Bxe3+ 27. Rxe3 Rxe3 28. Qxe3 Qxe3+ 29. Kxe3 Bxg4 30. Rg1 Re8+ 31. Kd3 h5 32. Nc1 Kg7 33. Kd2 Kf6 34. Rg2 Kf5 35. Nd3 Re4 36. Rh2 Re7 37. a4 a6 38. a5 Re4 39. b3 Bf3 40. Ne1 Bg4 41. Nd3 Rxf4 42. Nxf4 Kxf4 43. Ke1 Kg3 44. Rd2 h4 45. Kf1 h3 46. Kg1 Bf3 47. b4 d5 48. c4 dxc4 49. Rc2 c3 0-1